000 00761nam a2200205Ia 4500
001 7526
003 GE_BSU
008 181216s||||||||xx |||||||||||||| ||und||
040 _cGE_BSU
080 _a621.313+658(075.32)
100 _aЗимин,Е.Н. Преображенский,В.И. Чувашов,И.И.
245 _aЭлектроборудование промышленных предприятий и установок.
245 _cРед. Р.С.Сарбатов, В.П.Цишевский.
260 _aМ.
260 _bЭнергоиздат.
260 _c1981.
300 _a552стр. илл. 21см.
653 _aЭлектроборудование промышленных предприятий и установок.
942 _cBK
999 _c40882
_d40882